A digital chicken in every pot (Record no. 65270)
[ view plain ]
| 000 -LEADER | |
|---|---|
| fixed length control field | 01284cam a2200253 4500 |
| 001 - CONTROL NUMBER | |
| control field | ABS63173 |
| 008 - FIXED-LENGTH DATA ELEMENTS--GENERAL INFORMATION | |
| fixed length control field | 000000n2000 000 0 eng u |
| 035 ## - SYSTEM CONTROL NUMBER | |
| System control number | (Sirsi) u109346 |
| 100 ## - MAIN ENTRY--PERSONAL NAME | |
| Personal name | Webster, J |
| 245 #2 - TITLE STATEMENT | |
| Title | A digital chicken in every pot |
| 260 ## - PUBLICATION, DISTRIBUTION, ETC. | |
| Date of publication, distribution, etc. | 2000 |
| 490 ## - SERIES STATEMENT | |
| Series statement | Estates Gazette |
| Volume/sequential designation | (0044) 4 November 2000, 136-137(2) |
| 520 ## - SUMMARY, ETC. | |
| Summary, etc. | Investigates Intel's vision of internet evolution in the home and office. Introduces the concept of the e-home and e-office where communication, information, business and entertainment are available at any time via internet connections. One tool Intel has developed to promote internet connectivity is the Intel Dot.Station web appliance, designed to integrate e-mail, the internet and telephone communication with other organisation applications. Other areas of Intel's involvement include the mobile communications market and the development of wireless internet capabilities. Concludes that internet developments will encourage more businesses to embrace teleworking. |
| 590 ## - LOCAL NOTE (RLIN) | |
| Local note | ABS |
| 650 ## - SUBJECT ADDED ENTRY--TOPICAL TERM | |
| Topical term or geographic name entry element | HOME |
| 650 ## - SUBJECT ADDED ENTRY--TOPICAL TERM | |
| Topical term or geographic name entry element | OFFICES |
| 650 ## - SUBJECT ADDED ENTRY--TOPICAL TERM | |
| Topical term or geographic name entry element | INTERNET |
| 650 ## - SUBJECT ADDED ENTRY--TOPICAL TERM | |
| Topical term or geographic name entry element | NETWORKS |
| 650 ## - SUBJECT ADDED ENTRY--TOPICAL TERM | |
| Topical term or geographic name entry element | TELEWORKING |
| 650 ## - SUBJECT ADDED ENTRY--TOPICAL TERM | |
| Topical term or geographic name entry element | MOBILE COMMUNICATIONS |
| 650 ## - SUBJECT ADDED ENTRY--TOPICAL TERM | |
| Topical term or geographic name entry element | INTEL |
| 690 ## - LOCAL SUBJECT ADDED ENTRY--TOPICAL TERM (OCLC, RLIN) | |
| Topical term or geographic name as entry element | INFORMATION TECHNOLOGY-INTERNET |
| 942 ## - ADDED ENTRY ELEMENTS (KOHA) | |
| Suppress in OPAC | 0 |
| Withdrawn status | Lost status | Source of classification or shelving scheme | Damaged status | Not for loan | Home library | Current library | Shelving location | Date acquired | Total Checkouts | Full call number | Barcode | Date last seen | Copy number | Price effective from | Koha item type |
|---|---|---|---|---|---|---|---|---|---|---|---|---|---|---|---|
| Dewey Decimal Classification | London | London | Journal article | 15/11/2000 | ABS63173 | 109346-1001 | 06/08/2019 | 1 | 06/08/2019 | Journal article |